000 01220cam a2200361 4500
999 _c23561
_d23561
001 vtls012023611
005 20230920115808.0
008 210416s2021 xo gr 000 f slo
020 _a9788055176895
_q(viazané)
040 _aTTKJF
_bslo
_cTTKJF
_dSNK
_erda
041 1 _aslo
044 _axo
_cSK
072 7 _a821.111(73)-3
_xAmerická próza
_2konspekt
080 _a821.111(73)-31
_22011
080 _a(0:82-312.4)
_22011
100 1 _aGrisham, John,
_d1955-
_4aut
_93361
240 1 0 _aCamino Winds
_lSlovensky
245 1 0 _aVražda na Ostrove Camino
_cJohn Grisham ; preložila Alena Redlingerová
264 1 _aBratislava
_bIkar, a.s.
_c2021
300 _a284 strán
_c21 cm
336 _atext
_btxt
_2rdacontent
337 _abez média
_bn
_2rdamedia
338 _azväzok
_bnc
_2rdacarrier
500 _aPreložené z angličtiny
500 _aObsahuje stručné biografické údaje o autorovi na záložke prebalu publikácie
655 7 _aamerické romány
_2SNKPH
_92
655 7 _adetektívne romány
_2SNKPH
_91710
655 7 _aAmerican fiction
_2SNKPHeng
_93
655 7 _aDetective novels
_2SNKPHeng
_91711
700 1 _aRedlingerová, Alena,
_d1946-
_4trl
_93892
958 _aLX
958 _aUP